Bilecik Bilecik Bilecik Bilecik Bilecik

Farklı gelişen çocuklar/ (Record no. 65111)

MARC details
000 -BAŞLIK
Sabit Uzunluktaki Kontrol Alanı 01325nam a22003137a 4500
001 - KONTROL NUMARASI
Control Dosyası 0064872
003 - KONTROL NUMARASI KİMLİĞİ
Kontrol Alanı KOHA_MİRAKIL
005 - EN SON İŞLEM TARİHİ ve ZAMANI
Kontrol Alanı 20260207004530.0
007 - FİZİKSEL TANIM SABİT ALAN - GENEL BİLGİ
Sabit uzunluklu kontrol alanı ta
008 - SABİT UZUNLUKTAKİ VERİ ÖGELERİ - GENEL BİLGİ
Sabit Alan 191106b2015 tu |||gr||||#||||0|tur |
020 ## - ISBN - ULUSLARARASI STANDART KİTAP NUMARASI
Isbn 9786053200161
040 ## - KATALOGLAMA KAYNAĞI
Özgün Kataloglama Kurumu TR-BiSEU
Kataloglama Dili tur
Çeviri Kurumu TR-BiSEU
Açıklama Kuralları rda
041 0# - DİL KODU
Metin ya da ses kaydının dil kodu tur
044 ## - YAYINLAYAN/ÜRETEN KURULUŞUN ÜLKE KODU
ISO country code tu
050 ## - SINIFLAMA ve YER NUMARASI
Sınıflama Numarası RC553
Yer Numarası .F37 2016
245 0# - ESER ADI BİLDİRİMİ
Başlık Farklı gelişen çocuklar/
Sorumluluk Bildirimi Editör Adnan Kulaksızoğlu..
250 ## - BASIM BİLDİRİMİ
Basım Bildirimi 3. Basım
264 #1 - ÜRERİM, YAYIN, DAĞITIM ve TELİF BİLDİRİMİ
Yayın yeri İstanbul :
Yayınlayan Nobel Yayınları
Yayın tarihi 2015
300 ## - FİZİKSEL TANIMLAMA
Sayfa, Cilt vb. VI, 264 sayfa; 24 cm.
336 ## - İÇERİK TÜRÜ
Content type term metin
Content type code txt
Source rdacontent
337 ## - MEDYA TÜRÜ
Media type term aracısız
Media type code n
Source rdamedia
338 ## - TAŞIYICI TÜRÜ
Carrier type term cilt
Carrier type code nc
Source rdacarrier
490 1# - DİZİ BİLDİRİMİ
Dizi Bildirimi Nobel yayınları no ;
Cilt Numarası 1111 Eğitim no ;
-- 239
500 ## - GENEL NOT
Genel Not Kaynakça var.
505 ## - İÇİNDEKİLER NOTU
İçindekiler Notu İÇİNDEKİLER ÖNSÖZ 7 ÇOCUK PSİKOLOJİSİ VE GELİŞİMİ 9 ÖZEL EĞİTİME GİRİŞ 57 OTİZM 81 DOWN SENDROMLU (MONGOLOİD) ÇOCUKLARIN GELİŞİMLERİ VE ÖZELLİKLERİ 115 SPASTİK ÇOCUKLARIN (CEREBRAL PALSY-C.P.) ÖZELLİKLERİ VE GELİŞİMİ 131 ÖĞRENME BOZUKLUĞU VE ÖZEL EĞİTİM 147 ZİHİNSEL ENGELLİLERDE DAVRANIŞ DEĞİŞTİR ...
650 #0 - KONU BAŞLIĞI EK GİRİŞ - KONU TERİMİ
Konusal terim veya coğrafi ad Abbas II, Hidiv, Mısır, 1874-1944--Evler ve uğrak yerleri--Türkiye--İstanbul.
9 (RLIN) 37050
830 1# - SERİ EK GİRİŞİ - TEKBİÇİM ESER ADI
Tekbiçim Başlık Nobel yayınları no ;
Volume number/sequential designation 1111 Eğitim no ;
-- 239
9 (RLIN) 77307
942 ## - EK GİRİŞ ÖGELERİ (KOHA)
Source of classification or shelving scheme Library of Congress Classification
Koha item type Book
Holdings
Materyal Türü Kalıcı Konum Mevcut Konum Raf Yeri Sınıflandırma Kaynağı Edinim Bilgisi Ana Konular Alt Konular Yer Numarası Demirbaş Numarası Fatura Tarihi Geri Çekilme Durumu Kayıp Durumu Hasarlı Durumu Kredi için değil Kayıt Tarih Toplam Ödünçverme Son Görülme Tarihi Son Kontrol Tarihi
Book Prof. Dr. Azmi Özcan Kütüphanesi Prof. Dr. Azmi Özcan Kütüphanesi Birûni Salonu Library of Congress Classification Satın TIP Dahiliye RC553 .F37 2016 0064872 02/02/2026         06/11/2019 1 05/03/2025 05/03/2025